000 00406nam a22001577a 4500
003 MACL
005 20230201122746.0
008 230201b |||||||| |||| 00| 0 eng d
040 _cMACL
082 _a100/MIS
100 _aMishra, Shyam Kartik
_981698
245 _aIntegral Humanism Revisited In Contemporary India
260 _aNew Delhi
_bKunal Books
_c2019
650 _aPhilosophy
942 _2ddc
_cBK
999 _c65857
_d65857